000 01141nam0a22003251 4500
001 RU\INFOCOMM_190\NLR\5000178461
005 20250613104337.0
035 _a(NLR Aleph) 009492151
090 _a8655725
_c8655725
100 _a20130110d1979 |||y0rusy50 ca
101 0 _aeng
102 _aRU
105 _aac z |||||
200 1 _aChurch and religion in the USSR
_fVladimir Kuroyedov ...
210 _aM.
_c"Novosti" press agency publ. house
_d1979
215 _a58 с., 8 л. ил., портр.
_cил., портр.
_d17 см
225 1 _aSoviet democracy at work
300 _aНа обороте тит. л.: В. Куроедов. Религия и церковь в СССР
606 0 _aРелигия
_yСССР
_2nlr_sh1
606 0 _aЦерковь
_yСССР
_91965518
_3RU\NLR\AUTH\66900170
620 _aМосква
686 _aЭ239(2)7
_2rubbk
700 1 _9z02790
_aKuroedov
_bV. A.
_f1906-
_gVladimir Alekseevič
790 1 _9z02700
_aKuroyedov
_bV.
_gVladimir
_4070
801 1 _aRU
_bNLR
_c20121204
801 0 _aRU
_bINFOCOMM
_gPSBO
852 _aNLR
_jP11 Д-2/4
852 _aNLR
_jP11 Д-2/9
942 _cBOOK
980 _aNB